| 000 | 00830nac a22002171u 4500 | ||
|---|---|---|---|
| 010 | _a 98010661 | ||
| 020 | _a1567201865 (alk. paper) | ||
| 082 | 0 | 0 |
_a658.8700973 _bSAM |
| 090 |
_c6018 _d6018 |
||
| 100 | _aSamli, A. Coskun. | ||
| 245 | 1 | 0 |
_aStrategic marketing for success in retailing / _cA. Coskun Samli. |
| 260 |
_aWestport, Conn. : _bQuorum Books,c.1998. _cc.1998. |
||
| 300 |
_axxiii, 387 p. : _bill. ; _c24 cm. |
||
| 500 | _aDistributer: Al-Ahram. | ||
| 504 | _aIncludes bibliographical references and index. | ||
| 511 | _aCatalogued By: Mahitab. | ||
| 650 | 0 |
_aMarketing _zUnited States. |
|
| 650 | 0 |
_aRetail trade _zUnited States. |
|
| 942 |
_cBB _k658.8700973SAM |
||
| 999 |
_c6018 _d6018 |
||